<?xml version="1.0" encoding="UTF-8"?>
<record
    xmlns:xsi="http://www.w3.org/2001/XMLSchema-instance"
    xsi:schemaLocation="http://www.loc.gov/MARC21/slim http://www.loc.gov/standards/marcxml/schema/MARC21slim.xsd"
    xmlns="http://www.loc.gov/MARC21/slim">

  <leader>01274nam a22001457a 4500</leader>
  <datafield tag="999" ind1=" " ind2=" ">
    <subfield code="c">26576</subfield>
    <subfield code="d">26576</subfield>
  </datafield>
  <datafield tag="020" ind1=" " ind2=" ">
    <subfield code="a">9789389611434</subfield>
  </datafield>
  <datafield tag="082" ind1=" " ind2=" ">
    <subfield code="a">356.1092</subfield>
    <subfield code="b">CHA-R</subfield>
  </datafield>
  <datafield tag="100" ind1=" " ind2=" ">
    <subfield code="a">Chaturvedi, Sonal </subfield>
  </datafield>
  <datafield tag="245" ind1=" " ind2=" ">
    <subfield code="a">Real wani Kashmir's True Hero </subfield>
    <subfield code="b">:A Definitive Biography of Lance Naik Nazir Ahmad Wani</subfield>
  </datafield>
  <datafield tag="260" ind1=" " ind2=" ">
    <subfield code="a">Delhi</subfield>
    <subfield code="b">Bloomsbury </subfield>
    <subfield code="c">2020</subfield>
  </datafield>
  <datafield tag="300" ind1=" " ind2=" ">
    <subfield code="a">xx,245p.</subfield>
  </datafield>
  <datafield tag="520" ind1=" " ind2=" ">
    <subfield code="a">Book Description Shaheed Lance Naik Nazir Ahmad Wani dreamt of a peaceful and prosperous Kashmir. This book traces his journey from being a simple Kashmiri lad to a militant, a decorated soldier and a martyr, who laid down his life for his motherland. About the Author Author of two published books, Sonal believes that nothing comes out of pure imagination. There is always a link between fiction and reality-the events occurring in your life inspire you to build up an imaginary world. Her books are also inspired by such reality. When she is not writing, she is busy living up to her academic commitments. Sonal, by profession, is a dentist with an MBA in hospital and health management from the Institute of Health Research and Management (IIHMR). Born and raised in Jaipur, she lives in Mumbai with her husband and a kid. </subfield>
  </datafield>
  <datafield tag="650" ind1=" " ind2=" ">
    <subfield code="a">Soldiers</subfield>
    <subfield code="v">Wani, Nazir Ahmad, -- 1980-2018.</subfield>
    <subfield code="v">Jammu and Kashmir</subfield>
    <subfield code="z">India</subfield>
  </datafield>
  <datafield tag="942" ind1=" " ind2=" ">
    <subfield code="2">ddc</subfield>
    <subfield code="c">BK</subfield>
  </datafield>
  <datafield tag="952" ind1=" " ind2=" ">
    <subfield code="0">0</subfield>
    <subfield code="1">0</subfield>
    <subfield code="4">0</subfield>
    <subfield code="7">0</subfield>
    <subfield code="a">NASSDOC</subfield>
    <subfield code="b">NASSDOC</subfield>
    <subfield code="d">2021-02-19</subfield>
    <subfield code="e">Overseas Press India Private Limited</subfield>
    <subfield code="g">364.27</subfield>
    <subfield code="i">2021-02-19</subfield>
    <subfield code="l">0</subfield>
    <subfield code="o">356.1092 CHA-R</subfield>
    <subfield code="p">51302</subfield>
    <subfield code="r">2021-02-19 00:00:00</subfield>
    <subfield code="v">499.00</subfield>
    <subfield code="w">2021-02-19</subfield>
    <subfield code="y">BK</subfield>
  </datafield>
</record>
